00368 a2200097 4500001001000000005001700010008004100027245002500068100002500093773015200118ART_4245620260410161935.0260409a 10aHablando de coaching1 aRubial, Luis Alberto0 tBoletin del Consejo Profesional de Ciencias Económicas de la Provincia de Santa Fe (camara segunda)g- Año XXVII, Nº 332 (jun. 2017)wREV25058